01918aam a2200253 a 4500001001000000003000900010005001700019007000300036008004100039020001500080040002500095082002300120100003700143245012300180260003900303300002100342500002200363504003100385505032800416505075700744650006401501650005901565700004001624000003207DO-SdBNP20220307102917.0ta040620s2002 dr b 001 0dspa d a9993487155 aDO-SdBNPbspacBNPHU a344.074bF224e22210aFarías Campos, Félix,d1959-10aEvolución, orientaciones y tendencias de la legislación de la educación superior dominicana /cFélix Farías  aSanto Domimgo :bUnicaribe,c2002. a202 p. ;c22 cm. aIncluye índice. aBibliografía: p. 63-66. 0 aIntroducción -- Origen del Sistema de Educación Superior Dominicano, 1518-1961 -- Incursión del Sector privado en la Educación Superior Dominicana, 1962-1982 -- Regulación de la Educación Superior Dominicana, 1983-2000 -- Reforma del Sistema de Educación Superior Dominicano, 2001 -- Bibliografía -- Anexos.0 aAnexos: Decreto 914 que convierte el Instituto Profesional en Universidad Santo Domingo -- Ley 1398 de Organización Universitaria -- Ley 111 sobre Exequátur -- Ley 5778 sobre Autonomía de la UASD -- Ley 6150 que crea la PUCMM -- Ley 292 que ordena la Supresión del Fuero en la UASD -- Ley 273 que regula la educación superior privada -- Ley 236 que modifica la 273 sobre educación superior privada -- Decreto 449 que crea Comisión CONIES -- Ley 14 declara inejecutable bienes universitarios estatales -- Decreto 861 crea Comisión CONES -- Decreto 1255 crea Consejo CONES -- Decreto 259-96 modifica el 1255 del CONES -- Decreto 517-96 modifica el 259-96 -- Ley 139-01 crea la Secretaría de Educación Superior, Ciencia y Tecnología.4 aEducación superiorxLegislaciónzRepública Dominicana4 aEducación superiorxHistoriazRepública Dominicana1 aReyes, RobertoeCorretor de estilo